Nil : (Record no. 18084)
[ view plain ]
| 000 -LEADER | |
|---|---|
| fixed length control field | 00872nam a2200241 a 4500 |
| 001 - CONTROL NUMBER | |
| control field | 18084 |
| 003 - CONTROL NUMBER IDENTIFIER | |
| rucl marc code | BD-RjUL |
| 005 - DATE AND TIME OF LATEST TRANSACTION | |
| control field | 20211209000232.0 |
| 008 - FIXED-LENGTH DATA ELEMENTS--GENERAL INFORMATION | |
| fixed length control field | 140219t1966 enk 000 0 eng d |
| 035 ## - SYSTEM CONTROL NUMBER | |
| System control number | (BD-RjUL)18142 |
| 040 ## - CATALOGING SOURCE | |
| Original cataloging agency | DLC |
| Transcribing agency | LEC |
| Modifying agency | SER |
| -- | OCL |
| -- | EBC |
| -- | EQO |
| -- | BD-RjUL |
| Language of cataloging | eng |
| 041 ## - LANGUAGE CODE | |
| Language code of text/sound track or separate title | eng |
| 082 00 - DEWEY DECIMAL CLASSIFICATION NUMBER | |
| Classification number | 809.933 |
| Author mark and year | ADN 1966 |
| 100 1# - MAIN ENTRY--PERSONAL NAME | |
| Personal name | Adams, Robert Martin, |
| Dates associated with a name | 1915- |
| 9 (RLIN) | 55735 |
| 245 10 - TITLE STATEMENT | |
| Title | Nil : |
| Remainder of title | episodes in the literary conquest of void during the nineteenth century / |
| Statement of responsibility, etc. | Robert Martin Adams. |
| 246 30 - VARYING FORM OF TITLE | |
| Title proper/short title | Nil : episodes in the literary conquest of void during the 19th century |
| 260 ## - PUBLICATION, DISTRIBUTION, ETC. (IMPRINT) | |
| Place of publication, distribution, etc. | New York ; |
| -- | Oxford : |
| Name of publisher, distributor, etc. | Oxford University Press, |
| Date of publication, distribution, etc. | c1966. |
| 300 ## - PHYSICAL DESCRIPTION | |
| Pagination | 249 p. ; |
| Size | 21 cm. |
| 650 #0 - SUBJECT ADDED ENTRY--TOPICAL TERM | |
| Topical term or geographic name as entry element | Literature, Modern |
| Chronological subdivision | 19th century |
| General subdivision | History and criticism. |
| 9 (RLIN) | 55540 |
| Topical term or geographic name as entry element | Nothing (Philosophy) in literature. |
| 9 (RLIN) | 55736 |
| 942 ## - ADDED ENTRY ELEMENTS (KOHA) | |
| Source of classification or shelving scheme | Dewey Decimal Classification |
| Koha item type | Books |
| Lost status | Source of classification or shelving scheme | Damaged status | Not for loan | Collection code | Permanent Location | Current Location | Shelving location | Date acquired | Source of acquisition | Cost, normal purchase price | Total Checkouts | Full call number | Date last seen | Copy number | Koha item type |
|---|---|---|---|---|---|---|---|---|---|---|---|---|---|---|---|
| Dewey Decimal Classification | Not For Loan | Fiction | Central Library, University of Rajshahi | Central Library, University of Rajshahi | Reading Room | 05/11/1968 | zeithinger | 57.00 | 809.933 ADN 1966 | 19/02/2014 | C-1 | Books |